Data and computer communications

Αποθηκεύτηκε σε:
Λεπτομέρειες βιβλιογραφικής εγγραφής
Κύριος συγγραφέας: Stallings, William
Μορφή: Βιβλίο
Γλώσσα:English
Δημοσίευση: Upper Saddle River, NJ. : Prentice Hall, c2000.
Έκδοση:6th ed.
Θέματα:
Ετικέτες: Προσθήκη ετικέτας
Δεν υπάρχουν, Καταχωρήστε ετικέτα πρώτοι!

MARC

LEADER 00000cam a2200000 i 4500
001 1/17180
008 010212s2000 nju| ||| |||| ||eng||
020 |a 0130863882 
035 |l 10066041 
040 |a GR-MyUa  |b gre  |e AACR2 
041 0 |a eng 
082 7 |a 004.6   |2 (21) 
100 1 |a Stallings, William. 
245 1 0 |a Data and computer communications /   |c William Stallings. 
250 |a 6th ed. 
260 |a Upper Saddle River, NJ. :   |b Prentice Hall,   |c c2000. 
300 |a xx, 810 σ. :   |b εικ. ;   |c 24 εκ. 
504 |a Περιλαμβάνει βιβλιογραφικές παραπομπές (σ. 793-799) και ευρετήριο. 
650 0 |a Data transmission systems. 
650 0 |a Computer networks. 
767 0 8 |i Μεταφρασμένο ως:   |t Επικοινωνίες υπολογιστών και δεδομένων /  
852 |a INST  |b SAMOS  |e 20010212  |h 004.6 STA  |p 005300021768  |q 005300021768  |t BK  |y 0 
852 |a INST  |b SAMOS  |e 20010212  |h 004.6 STA  |p 005300021769  |q 005300021769  |t BK  |y 0 
852 |a INST  |b SAMOS  |e 20010212  |h 004.6 STA  |p 005300021770  |q 005300021770  |t BK  |y 0 
852 |a INST  |b SAMOS  |e 20010212  |h 004.6 STA  |p 005300021771  |q 005300021771  |t BK  |y 0 
852 |a INST  |b SAMOS  |e 20010212  |h 004.6 STA  |p 005300021772  |q 005300021772  |t BK  |y 0 
852 |a INST  |b SAMOS  |e 20010212  |h 004.6 STA  |p 005300021773  |q 005300021773  |t BK  |y 0 
852 |a INST  |b SAMOS  |e 20010212  |h 004.6 STA  |p 005300021774  |q 005300021774  |t BK  |y 0 
852 |a INST  |b SAMOS  |e 20010212  |h 004.6 STA  |p 005300021775  |q 005300021775  |t BK  |y 0 
852 |a INST  |b SAMOS  |e 20010212  |h 004.6 STA  |p 005300021776  |q 005300021776  |t BK  |y 23 
852 |a INST  |b SYROS  |e 20010212  |h 004.6 STA  |p 005500000318  |q 005500000318  |t BK  |y 0 
901 |a BIBL3-2001-1 
922 |a 3ΕΛΗ  |b 200002  |c ΤΠΕΣ/ΠΟΛ  |d LEADER 
922 |a 5ΕΛΗ  |b 200002  |c ΤΠΕΣ/ΠΟΛ  |d LEADER 
970 |a Πουρνάρας  |b Δημήτρης  |z 12/02/2001